[Event "Hommage a Hubert Seguin"]
[Site "Gatineau CAN"]
[Date "2004.10.19"]
[Round "1"]
[White "Mai, Lloyd"]
[Black "Lacourse, Guy"]
[Result "1-0"]
[WhiteElo "1839"]
[BlackElo "1703"]
[PlyCount "57"]
[GameId "2160767911060944"]
[EventDate "2004.10.19"]
[EventType "swiss"]
[EventRounds "5"]
[EventCountry "CAN"]

1. e4 c5 2. d4 cxd4 3. c3 dxc3 4. Nxc3 e6 5. Nf3 Nc6 6. Bf4 d6 7. Bc4 Be7 8. O-O Nf6 9. Qe2 e5 10. Be3 O-O 11. h3 a6 12. Nd5 b5 13. Bb6 Qd7 14. Bb3 Nxd5 15. exd5 Nd8 16. Rac1 Nb7 17. Rc7 Qe8 18. Rfc1 Nc5 19. Bxc5 dxc5 20. Qxe5 Bf6 21. Qxe8 Rxe8 22. R1xc5 Bxb2 23. d6 Rd8 24. Ng5 Ba3 25. Rxf7 Rxd6 26. Rcc7 Be6 27. Rxg7+ Kh8 28. Rxh7+ Kg8 29. Bxe6+ 1-0

[Event "Hommage a Hubert Seguin"]
[Site "Gatineau CAN"]
[Date "2004.10.26"]
[Round "2"]
[White "Laurin, Marcel"]
[Black "Lacourse, Guy"]
[Result "1/2-1/2"]
[WhiteElo "1790"]
[BlackElo "1703"]
[PlyCount "64"]
[GameId "2160767911060945"]
[EventDate "2004.10.19"]
[EventType "swiss"]
[EventRounds "5"]
[EventCountry "CAN"]
[SourceTitle "EXT 2006"]
[Source "ChessBase"]
[SourceDate "2005.11.24"]
[SourceVersion "1"]
[SourceVersionDate "2005.11.24"]
[SourceQuality "1"]

1. d4 Nf6 2. c4 e6 3. a3 d5 4. Nc3 Be7 5. Bf4 O-O 6. Rc1 c6 7. c5 Na6 8. e3 Nc7 9. Bd3 Nd7 10. Nf3 f5 11. h3 Nf6 12. Ne5 Ne4 13. O-O Ne8 14. b4 Nxc3 15. Rxc3 g5 16. Bh2 Nf6 17. b5 Bd7 18. Rb3 Be8 19. b6 a6 20. Be2 Qc8 21. Qb1 Nd7 22. a4 Nxe5 23. Bxe5 Bg6 24. Bd3 Qd7 25. a5 Bf6 26. Bd6 Be7 27. Bh2 Rf7 28. Qc1 h6 29. Be5 Bf6 30. Bc7 Qc8 31. Qd1 Bd8 32. Be5 Bf6 1/2-1/2

[Event "Hommage a Hubert Seguin"]
[Site "Gatineau CAN"]
[Date "2004.11.03"]
[Round "3"]
[White "Lacourse, Guy"]
[Black "Scantland, Patrick"]
[Result "0-1"]
[WhiteElo "1703"]
[BlackElo "1612"]
[PlyCount "84"]
[GameId "2160767911060946"]
[EventDate "2004.10.19"]
[EventType "swiss"]
[EventRounds "5"]
[EventCountry "CAN"]
[SourceTitle "EXT 2006"]
[Source "ChessBase"]
[SourceDate "2005.11.24"]
[SourceVersion "1"]
[SourceVersionDate "2005.11.24"]
[SourceQuality "1"]

1. d4 Nf6 2. Nf3 e6 3. c4 d5 4. Nc3 c6 5. cxd5 exd5 6. Bg5 Be7 7. e3 Bf5 8. Bd3 Ne4 9. Bxe7 Qxe7 10. Qc2 Nd7 11. O-O h6 12. Rac1 O-O 13. Rfe1 Ndf6 14. a3 a5 15. Ne5 Bh7 16. Na4 Rac8 17. Nb6 Rc7 18. f3 Ng5 19. Bxh7+ Ngxh7 20. Qa4 Qd8 21. Qxa5 Re7 22. Qc5 Rfe8 23. a4 Nf8 24. a5 N8d7 25. Nexd7 Nxd7 26. Nxd7 Qxd7 27. Kf2 Ra8 28. b4 f5 29. Rc2 Qe8 30. g3 g5 31. Qc3 h5 32. h3 Qf7 33. Rce2 Qh7 34. Qd3 Rf8 35. Kg2 Qh6 36. e4 fxe4 37. fxe4 g4 38. hxg4 hxg4 39. Rh1 Qf6 40. Qd1 Qf3+ 41. Kg1 Qxg3+ 42. Rg2 Qe3+ 0-1

[Event "Hommage a Hubert Seguin"]
[Site "Gatineau CAN"]
[Date "2004.11.10"]
[Round "4"]
[White "Lacourse, Guy"]
[Black "Parent, Patrick"]
[Result "0-1"]
[WhiteElo "1703"]
[BlackElo "1657"]
[PlyCount "90"]
[GameId "2160767911060947"]
[EventDate "2004.10.19"]
[EventType "swiss"]
[EventRounds "5"]
[EventCountry "CAN"]
[SourceTitle "EXT 2006"]
[Source "ChessBase"]
[SourceDate "2005.11.24"]
[SourceVersion "1"]
[SourceVersionDate "2005.11.24"]
[SourceQuality "1"]

1. d4 d5 2. c4 c6 3. Nf3 Nf6 4. Nc3 g6 5. cxd5 cxd5 6. Bf4 Bg7 7. Bxb8 Rxb8 8. Qa4+ Bd7 9. Qxa7 O-O 10. e3 Ra8 11. Qc5 b6 12. Qb4 Re8 13. Ne5 e6 14. Nxd7 Nxd7 15. Bb5 Bf8 16. Qb3 Ra7 17. O-O Bd6 18. Bxd7 Rxd7 19. Nb5 Bb8 20. Rac1 h5 21. g3 h4 22. f4 hxg3 23. hxg3 f5 24. Rf2 g5 25. Rcc2 Ree7 26. Rh2 Rg7 27. Rcg2 Qc8 28. Rc2 Qe8 29. Rcg2 Qc8 30. Qc3 Qf8 31. Qc6 Qe8 32. Rh6 gxf4 33. gxf4 Rxg2+ 34. Kf1 Rgg7 35. Rxe6 Qf8 36. Rf6 Rdf7 37. Qe6 Kh8 38. Rh6+ Rh7 39. Rxh7+ Rxh7 40. Qxd5 Rh3 41. Kf2 Rh2+ 42. Kg3 Rxb2 43. Qh1+ Kg8 44. Qd5+ Kh7 45. Qh1+ Qh6 0-1

[Event "Hommage a Hubert Seguin"]
[Site "Gatineau CAN"]
[Date "2004.11.16"]
[Round "5"]
[White "Lacourse, Guy"]
[Black "Gratton, Contant"]
[Result "1-0"]
[WhiteElo "1703"]
[BlackElo "1339"]
[PlyCount "61"]
[GameId "2160767911060948"]
[EventDate "2004.10.19"]
[EventType "swiss"]
[EventRounds "5"]
[EventCountry "CAN"]
[SourceTitle "EXT 2006"]
[Source "ChessBase"]
[SourceDate "2005.11.24"]
[SourceVersion "1"]
[SourceVersionDate "2005.11.24"]
[SourceQuality "1"]

1. d4 d5 2. c4 dxc4 3. Nf3 Bg4 4. Ne5 Be6 5. e3 g6 6. Qa4+ c6 7. Bxc4 b5 8. Bxe6 fxe6 9. Qd1 Nd7 10. Nxc6 Qc7 11. Nb4 Ngf6 12. O-O Qd6 13. a3 Bg7 14. Nc3 a6 15. e4 e5 16. dxe5 Qxe5 17. Nbd5 O-O 18. Bf4 Qe6 19. Nc7 Qc6 20. Qb3+ Kh8 21. Nxa8 Qxa8 22. e5 Nh5 23. Bg3 Nxe5 24. Qe6 Nxg3 25. fxg3 Qa7+ 26. Kh1 Bf6 27. Ne4 Kg7 28. Rad1 Qe3 29. Nxf6 Rf7 30. Ne8+ Kh6 31. Qh3+ 1-0

[Event "Hull-ch"]
[Site "Gatineau CAN"]
[Date "2004.02.10"]
[Round "1"]
[White "Dallaire, Dominic"]
[Black "Groleau, Gilles"]
[Result "0-1"]
[WhiteElo "1741"]
[BlackElo "2189"]
[PlyCount "40"]
[GameId "2160767911192124"]
[EventDate "2004.02.??"]
[EventType "swiss"]
[EventRounds "5"]
[EventCountry "CAN"]
[SourceTitle "EXT 2005"]
[Source "ChessBase"]
[SourceDate "2004.11.15"]
[SourceVersion "1"]
[SourceVersionDate "2004.11.15"]
[SourceQuality "1"]

1. e4 c5 2. Nf3 e6 3. d4 cxd4 4. Nxd4 Nf6 5. Bd3 Nc6 6. Be3 d5 7. Nxc6 bxc6 8. exd5 cxd5 9. O-O Be7 10. c3 O-O 11. Nd2 e5 12. f4 Ng4 13. Qe2 Qc7 14. fxe5 Nxe3 15. Nf3 Nxf1 16. Rxf1 Bg4 17. Qc2 g6 18. Qd2 Bxf3 19. Rxf3 Qxe5 20. Re3 Bc5 0-1

[Event "Hull-ch"]
[Site "Gatineau CAN"]
[Date "2004.02.10"]
[Round "1"]
[White "Laurin, Marcel"]
[Black "Lemieux, Richard"]
[Result "1-0"]
[WhiteElo "1710"]
[BlackElo "1693"]
[PlyCount "53"]
[GameId "2160767911192125"]
[EventDate "2004.02.??"]
[EventType "swiss"]
[EventRounds "5"]
[EventCountry "CAN"]
[SourceTitle "EXT 2005"]
[Source "ChessBase"]
[SourceDate "2004.11.15"]
[SourceVersion "1"]
[SourceVersionDate "2004.11.15"]
[SourceQuality "1"]

1. d4 Nf6 2. c4 e5 3. dxe5 Ng4 4. Bf4 Nc6 5. Nf3 Bb4+ 6. Nbd2 Qe7 7. a3 Ngxe5 8. Nxe5 Nxe5 9. e3 Bxd2+ 10. Qxd2 d6 11. Be2 Be6 12. Rc1 Rd8 13. O-O O-O 14. Rc3 Bg4 15. f3 Bh5 16. e4 h6 17. g4 Bg6 18. Rf2 f6 19. h4 h5 20. gxh5 Bxh5 21. Rg2 Kh7 22. Qc2 Kh8 23. Qd1 f5 24. Bg5 Qf7 25. Bxd8 Rxd8 26. exf5 Qxf5 27. Rg5 1-0

[Event "Hull-ch"]
[Site "Gatineau CAN"]
[Date "2004.02.10"]
[Round "1"]
[White "Libersan, Mattieu"]
[Black "Laurin, Jacques"]
[Result "1-0"]
[WhiteElo "1841"]
[BlackElo "1849"]
[PlyCount "61"]
[GameId "2160767911192126"]
[EventDate "2004.02.??"]
[EventType "swiss"]
[EventRounds "5"]
[EventCountry "CAN"]
[SourceTitle "EXT 2005"]
[Source "ChessBase"]
[SourceDate "2004.11.15"]
[SourceVersion "1"]
[SourceVersionDate "2004.11.15"]
[SourceQuality "1"]

1. e4 c5 2. Nf3 d6 3. d4 cxd4 4. Nxd4 Nf6 5. Nc3 g6 6. Be3 Bg7 7. f3 Nc6 8. Qd2 Bd7 9. Bc4 Rc8 10. Bb3 Na5 11. O-O-O Nxb3+ 12. Nxb3 a5 13. e5 dxe5 14. Nc5 h5 15. Rhe1 Bc6 16. Qe2 Qc7 17. Nb5 Qb8 18. Nc3 O-O 19. g4 b6 20. N5e4 Nxe4 21. fxe4 hxg4 22. Qxg4 Qb7 23. h4 f5 24. Qxg6 Rf6 25. Qg2 f4 26. Rg1 e6 27. Qg5 fxe3 28. Qxf6 Bxe4 29. Rxg7+ Qxg7 30. Qxe6+ Kh7 31. Qxc8 1-0

[Event "Hull-ch"]
[Site "Gatineau CAN"]
[Date "2004.02.10"]
[Round "1"]
[White "Roy, Roger"]
[Black "Menard, Marc"]
[Result "1-0"]
[WhiteElo "1710"]
[BlackElo "1707"]
[PlyCount "103"]
[GameId "2160767911192127"]
[EventDate "2004.02.??"]
[EventType "swiss"]
[EventRounds "5"]
[EventCountry "CAN"]
[SourceTitle "EXT 2005"]
[Source "ChessBase"]
[SourceDate "2004.11.15"]
[SourceVersion "1"]
[SourceVersionDate "2004.11.15"]
[SourceQuality "1"]

1. d4 Nf6 2. c4 e5 3. dxe5 Ng4 4. Nf3 Nc6 5. Bf4 Bb4+ 6. Nbd2 Qe7 7. a3 Ngxe5 8. Nxe5 Nxe5 9. e3 Bxd2+ 10. Qxd2 d6 11. Be2 Be6 12. Qc3 Qf6 13. O-O O-O 14. Rfd1 Ng4 15. Qxf6 Nxf6 16. Rac1 b6 17. Bf3 Rae8 18. b4 Nd7 19. Bc6 Re7 20. Rd4 Ne5 21. Bxe5 dxe5 22. Rd2 f5 23. c5 e4 24. h3 Bb3 25. Rc3 Be6 26. cxb6 axb6 27. Rd4 Ba2 28. Rc2 Be6 29. Rcd2 g6 30. Rd8 Rxd8 31. Rxd8+ Kg7 32. a4 Bc4 33. a5 bxa5 34. bxa5 Kf6 35. Rd7 Rxd7 36. Bxd7 Ba6 37. f4 c5 38. Kf2 Ke7 39. Ba4 c4 40. Ke1 Kd6 41. Kd2 h6 42. h4 Ke7 43. Kc3 Kf6 44. g3 g5 45. hxg5+ hxg5 46. Bc6 gxf4 47. gxf4 Ke6 48. Kd4 Kd6 49. Be8 Ke6 50. Bg6 Kf6 51. Bh7 Bb5 52. Bg8 1-0

[Event "Hull-ch"]
[Site "Gatineau CAN"]
[Date "2004.02.17"]
[Round "2"]
[White "Groleau, Gilles"]
[Black "Laurin, Jacques"]
[Result "1-0"]
[WhiteElo "2189"]
[BlackElo "1849"]
[PlyCount "41"]
[GameId "2160767911192128"]
[EventDate "2004.02.??"]
[EventType "swiss"]
[EventRounds "5"]
[EventCountry "CAN"]
[SourceTitle "EXT 2005"]
[Source "ChessBase"]
[SourceDate "2004.11.15"]
[SourceVersion "1"]
[SourceVersionDate "2004.11.15"]
[SourceQuality "1"]

1. e4 d6 2. d4 Nf6 3. Nc3 g6 4. Nf3 Bg7 5. Be2 c6 6. O-O Nbd7 7. h3 b5 8. e5 dxe5 9. dxe5 Nh5 10. e6 fxe6 11. Ng5 Ne5 12. Bxh5 Qxd1 13. Bxd1 h6 14. Nf3 Ba6 15. Nxe5 Bxe5 16. Re1 Bxc3 17. bxc3 O-O-O 18. Ba3 Rd2 19. Rxe6 Rf8 20. Bf3 Bb7 21. Rxe7 1-0

[Event "Hull-ch"]
[Site "Gatineau CAN"]
[Date "2004.02.17"]
[Round "2"]
[White "Scantland, Patrick"]
[Black "Roy, Roger"]
[Result "0-1"]
[WhiteElo "1618"]
[BlackElo "1710"]
[PlyCount "48"]
[GameId "2160767911192130"]
[EventDate "2004.02.??"]
[EventType "swiss"]
[EventRounds "5"]
[EventCountry "CAN"]
[SourceTitle "EXT 2005"]
[Source "ChessBase"]
[SourceDate "2004.11.15"]
[SourceVersion "1"]
[SourceVersionDate "2004.11.15"]
[SourceQuality "1"]

1. e4 c5 2. Nf3 d6 3. d4 cxd4 4. Nxd4 Nf6 5. Nc3 a6 6. Bg5 Nbd7 7. f4 h6 8. Bh4 e5 9. Nf5 Nc5 10. fxe5 Bxf5 11. exf6 Nxe4 12. Nxe4 Bxe4 13. Qd2 g5 14. Bf2 Rc8 15. c3 d5 16. Bd4 Bc5 17. O-O-O Bxd4 18. Qxd4 Rc6 19. Re1 Qxf6 20. Qxd5 Qf4+ 21. Kd1 f5 22. g3 Qf2 23. Qe5+ Kf7 24. Be2 Rd8+ 0-1

[Event "Hull-ch"]
[Site "Gatineau CAN"]
[Date "2004.02.24"]
[Round "3"]
[White "Brousseau, Yvan"]
[Black "Groleau, Gilles"]
[Result "1-0"]
[WhiteElo "1976"]
[BlackElo "2189"]
[PlyCount "123"]
[GameId "2160767911192131"]
[EventDate "2004.02.??"]
[EventType "swiss"]
[EventRounds "5"]
[EventCountry "CAN"]
[SourceTitle "EXT 2005"]
[Source "ChessBase"]
[SourceDate "2004.11.15"]
[SourceVersion "1"]
[SourceVersionDate "2004.11.15"]
[SourceQuality "1"]

1. d4 Nf6 2. c4 e6 3. Nf3 Bb4+ 4. Bd2 Qe7 5. a3 Bxd2+ 6. Qxd2 O-O 7. g3 b6 8. Bg2 Bb7 9. Nc3 d6 10. O-O c5 11. Rad1 Nc6 12. Qc2 cxd4 13. Nxd4 Nxd4 14. Rxd4 Bxg2 15. Kxg2 Rac8 16. Rfd1 Rfd8 17. Qb3 h6 18. f3 d5 19. cxd5 Nxd5 20. Nxd5 Rxd5 21. Rxd5 exd5 22. Kf1 Re8 23. Rd2 d4 24. Qc4 Qd7 25. Qxd4 Qxd4 26. Rxd4 Re7 27. Ke1 h5 28. Kd2 g6 29. e4 Kg7 30. b4 Kf6 31. a4 Rc7 32. a5 bxa5 33. bxa5 Rc5 34. Rd6+ Ke7 35. Ra6 Rc7 36. Ke3 Rd7 37. h4 Kf8 38. g4 hxg4 39. fxg4 Kg7 40. Kf4 Re7 41. Rc6 Rd7 42. h5 gxh5 43. gxh5 Rb7 44. a6 Re7 45. Kf5 Rd7 46. Ke5 Re7+ 47. Kd5 Rd7+ 48. Rd6 Rc7 49. h6+ Kh7 50. Rf6 Rd7+ 51. Kc6 Re7 52. e5 Rxe5 53. Rxf7+ Kxh6 54. Kb7 Kg6 55. Rc7 Ra5 56. Kxa7 Ra1 57. Rc6+ Kg7 58. Kb7 Rb1+ 59. Rb6 Rf1 60. a7 Rf7+ 61. Ka6 Rf8 62. Rb8 1-0

[Event "Hull-ch"]
[Site "Gatineau CAN"]
[Date "2004.02.24"]
[Round "3"]
[White "Roy, Roger"]
[Black "Papineau, Andre"]
[Result "1/2-1/2"]
[WhiteElo "1710"]
[BlackElo "1724"]
[PlyCount "94"]
[GameId "2160767911192133"]
[EventDate "2004.02.??"]
[EventType "swiss"]
[EventRounds "5"]
[EventCountry "CAN"]
[SourceTitle "EXT 2005"]
[Source "ChessBase"]
[SourceDate "2004.11.15"]
[SourceVersion "1"]
[SourceVersionDate "2004.11.15"]
[SourceQuality "1"]

1. d4 Nf6 2. c4 c5 3. d5 b5 4. cxb5 a6 5. f3 axb5 6. e4 d6 7. Bxb5+ Bd7 8. Bxd7+ Nbxd7 9. Bd2 g6 10. Na3 Bg7 11. Nc4 Nb6 12. Ba5 Nfd7 13. Qb3 Rb8 14. Ne2 O-O 15. O-O Qc7 16. Qc2 Qa7 17. Nxb6 Nxb6 18. Bc3 f6 19. a4 Nc4 20. Qc1 Ne5 21. Rd1 f5 22. exf5 Rxf5 23. Kh1 Qa6 24. Ng3 Rff8 25. Qe3 Qc4 26. Ra3 Qf4 27. Qxf4 Rxf4 28. Ne2 Rf7 29. b3 Rb7 30. h3 Rf8 31. f4 Nd7 32. Bxg7 Kxg7 33. g3 Rfb8 34. Rd3 Rb4 35. Re3 Kf7 36. Kg2 c4 37. bxc4 Rxc4 38. Rec3 Rcb4 39. a5 Ra8 40. Rc7 Nf6 41. Nc3 Ke8 42. a6 Kd8 43. Rb7 Rxb7 44. axb7 Rb8 45. Rb3 Kc7 46. Nb5+ Kd7 47. Nc3 Kc7 1/2-1/2

[Event "Hull-ch"]
[Site "Gatineau CAN"]
[Date "2004.03.02"]
[Round "4"]
[White "Brousseau, Yvan"]
[Black "Libersan, Mattieu"]
[Result "0-1"]
[WhiteElo "1976"]
[BlackElo "1841"]
[PlyCount "104"]
[GameId "2160767911192134"]
[EventDate "2004.02.??"]
[EventType "swiss"]
[EventRounds "5"]
[EventCountry "CAN"]
[SourceTitle "EXT 2005"]
[Source "ChessBase"]
[SourceDate "2004.11.15"]
[SourceVersion "1"]
[SourceVersionDate "2004.11.15"]
[SourceQuality "1"]

1. e4 e5 2. Nf3 Nc6 3. Bb5 f5 4. d3 fxe4 5. dxe4 Nf6 6. O-O d6 7. Nc3 Be7 8. h3 O-O 9. Bc4+ Kh8 10. a3 Qe8 11. Ng5 Qg6 12. Qd3 h6 13. Nf3 Nh5 14. Ne1 Nd4 15. Nd5 Bd8 16. f4 Ng3 17. f5 Ndxf5 18. Rf3 c6 19. Nc3 Be7 20. Kh2 Bh4 21. Bd2 Bd7 22. exf5 Bxf5 23. Rxf5 Nxf5 24. b4 d5 25. Nxd5 cxd5 26. Bxd5 Rad8 27. c4 Bf6 28. Rd1 e4 29. Qxe4 Qg3+ 30. Kh1 Be5 31. Nf3 Bc7 32. Qg4 Qf2 33. Bc3 Ng3+ 34. Kh2 Ne4+ 35. Be5 Nf6 36. Qd4 Qxd4 37. Rxd4 Nxd5 38. cxd5 Bxe5+ 39. Nxe5 Rf5 40. Ng6+ Kh7 41. Ne7 Re5 42. d6 Re6 43. Nf5 g6 44. Nh4 Rdxd6 45. Rc4 Rd7 46. Nf3 Re3 47. a4 a6 48. a5 Kg7 49. Kg1 g5 50. Kf2 Re6 51. g4 Rf7 52. Kg2 Re2+ 0-1

[Event "Hull-ch"]
[Site "Gatineau CAN"]
[Date "2004.03.02"]
[Round "4"]
[White "Papineau, Andre"]
[Black "Menard, Marc"]
[Result "1/2-1/2"]
[WhiteElo "1724"]
[BlackElo "1707"]
[PlyCount "64"]
[GameId "2160767911192136"]
[EventDate "2004.02.??"]
[EventType "swiss"]
[EventRounds "5"]
[EventCountry "CAN"]
[SourceTitle "EXT 2005"]
[Source "ChessBase"]
[SourceDate "2004.11.15"]
[SourceVersion "1"]
[SourceVersionDate "2004.11.15"]
[SourceQuality "1"]

1. d4 Nf6 2. c4 e5 3. dxe5 Ng4 4. Bf4 Nc6 5. Nf3 Bb4+ 6. Nbd2 Qe7 7. a3 Ngxe5 8. Nxe5 Nxe5 9. e3 Bxd2+ 10. Qxd2 O-O 11. Be2 d6 12. O-O b6 13. Bxe5 Qxe5 14. Bf3 Rb8 15. Rac1 Bb7 16. Bxb7 Rxb7 17. Qd5 Rbb8 18. Qxe5 dxe5 19. Rfd1 Rfd8 20. Rd5 f6 21. Rcd1 Rxd5 22. Rxd5 c5 23. f3 Kf8 24. a4 Ke7 25. Kf2 Rd8 26. e4 Rd6 27. g4 Ke6 28. Ke3 g6 29. b3 h6 30. h3 g5 31. Ke2 a5 32. Rxd6+ Kxd6 1/2-1/2

[Event "Hull-ch"]
[Site "Gatineau CAN"]
[Date "2004.03.02"]
[Round "4"]
[White "Roy, Roger"]
[Black "Laurin, Marcel"]
[Result "1-0"]
[WhiteElo "1710"]
[BlackElo "1710"]
[PlyCount "45"]
[GameId "2160767911192137"]
[EventDate "2004.02.??"]
[EventType "swiss"]
[EventRounds "5"]
[EventCountry "CAN"]
[SourceTitle "EXT 2005"]
[Source "ChessBase"]
[SourceDate "2004.11.15"]
[SourceVersion "1"]
[SourceVersionDate "2004.11.15"]
[SourceQuality "1"]

1. d4 d5 2. Nf3 g6 3. e3 Bg7 4. c4 c6 5. Nc3 Nf6 6. Bd3 O-O 7. O-O Bg4 8. h3 Bc8 9. Re1 Ne8 10. cxd5 cxd5 11. e4 dxe4 12. Bxe4 Nd6 13. Bd3 Nc6 14. Bg5 h6 15. Bh4 g5 16. Nxg5 hxg5 17. Bxg5 Nf5 18. Qh5 Qxd4 19. Rad1 Qc5 20. Be3 Qa5 21. Ne4 Nxe3 22. Ng5 Qxg5 23. Qh7# 1-0

[Event "Hull-ch"]
[Site "Gatineau CAN"]
[Date "2004.03.09"]
[Round "5"]
[White "Lemieux, Richard"]
[Black "Roy, Roger"]
[Result "1-0"]
[WhiteElo "1693"]
[BlackElo "1710"]
[PlyCount "43"]
[GameId "2160767911192138"]
[EventDate "2004.02.??"]
[EventType "swiss"]
[EventRounds "5"]
[EventCountry "CAN"]
[SourceTitle "EXT 2005"]
[Source "ChessBase"]
[SourceDate "2004.11.15"]
[SourceVersion "1"]
[SourceVersionDate "2004.11.15"]
[SourceQuality "1"]

1. Nf3 Nf6 2. c4 e6 3. g3 b6 4. Bg2 Bb7 5. O-O Be7 6. Nc3 O-O 7. b3 d6 8. d4 d5 9. Ne5 c6 10. Bg5 Nbd7 11. Qc2 h6 12. Bd2 Rc8 13. Rad1 Ba6 14. f4 c5 15. f5 cxd4 16. Nxd7 Nxd7 17. fxe6 dxc3 18. exf7+ Kh8 19. Bxc3 dxc4 20. Qg6 Bc5+ 21. Kh1 Qg5 22. Bxg7# 1-0

[Event "Hull-ch"]
[Site "Gatineau CAN"]
[Date "2004.03.10"]
[Round "5"]
[White "Laurin, Jacques"]
[Black "Brousseau, Yvan"]
[Result "0-1"]
[WhiteElo "1849"]
[BlackElo "1976"]
[PlyCount "52"]
[GameId "2160767911192139"]
[EventDate "2004.02.??"]
[EventType "swiss"]
[EventRounds "5"]
[EventCountry "CAN"]
[SourceTitle "EXT 2005"]
[Source "ChessBase"]
[SourceDate "2004.11.15"]
[SourceVersion "1"]
[SourceVersionDate "2004.11.15"]
[SourceQuality "1"]

1. c4 g6 2. Nc3 c5 3. g3 Bg7 4. Bg2 Nc6 5. e3 e6 6. Nge2 Nge7 7. d4 cxd4 8. exd4 d6 9. O-O O-O 10. Re1 d5 11. c5 b6 12. Bf4 Nf5 13. Nb5 Ba6 14. Nc7 Bxe2 15. Rxe2 Ncxd4 16. Nxa8 Nxe2+ 17. Qxe2 Qxa8 18. cxb6 axb6 19. Qb5 Nd4 20. Qxb6 Ne2+ 21. Kh1 Nxf4 22. gxf4 Rb8 23. Qd6 Rxb2 24. Rc1 Rxa2 25. Bf1 Bf8 26. Qd7 Qa3 0-1

[Event "Hull-ch"]
[Site "Gatineau CAN"]
[Date "2004.03.10"]
[Round "5"]
[White "Libersan, Mattieu"]
[Black "Groleau, Gilles"]
[Result "0-1"]
[WhiteElo "1841"]
[BlackElo "2189"]
[PlyCount "138"]
[GameId "2160767911192140"]
[EventDate "2004.02.??"]
[EventType "swiss"]
[EventRounds "5"]
[EventCountry "CAN"]
[SourceTitle "EXT 2005"]
[Source "ChessBase"]
[SourceDate "2004.11.15"]
[SourceVersion "1"]
[SourceVersionDate "2004.11.15"]
[SourceQuality "1"]

1. e4 c5 2. Nf3 e6 3. d4 cxd4 4. Nxd4 Nf6 5. Nc3 d6 6. g4 Nc6 7. g5 Nd7 8. Be3 Be7 9. Rg1 a6 10. Qd2 Qc7 11. O-O-O b5 12. f4 b4 13. Nce2 Bb7 14. Bg2 O-O 15. Nxc6 Bxc6 16. Nd4 a5 17. h4 Nc5 18. Nxc6 Qxc6 19. e5 d5 20. f5 Rfc8 21. f6 Bf8 22. g6 hxg6 23. h5 b3 24. Kb1 bxc2+ 25. Qxc2 Nd7 26. Qxc6 Rxc6 27. hxg6 Nxe5 28. gxf7+ Kxf7 29. fxg7 Bxg7 30. Rdf1+ Bf6 31. Bd4 Nd7 32. Rxf6+ Nxf6 33. Rf1 Rg8 34. Rxf6+ Ke7 35. Bxd5 Rd6 36. Rxe6+ Rxe6 37. Bxe6 Kxe6 38. Bc3 Ra8 39. b3 Kd5 40. Kb2 Kc5 41. a3 Kb5 42. a4+ Ka6 43. b4 axb4 44. Bxb4 Rg8 45. Kb3 Rg4 46. Bc3 Kb6 47. Bb4 Kc6 48. Bd2 Rh4 49. Bb4 Kd5 50. a5 Kc6 51. Be1 Re4 52. Bc3 Kb5 53. Bd2 Rg4 54. Be1 Rf4 55. Bd2 Rf3+ 56. Kc2 Kc4 57. Be1 Rh3 58. Kd2 Ra3 59. Ke2 Kd4 60. Bf2+ Ke4 61. Be1 Ra2+ 62. Bd2 Rb2 63. a6 Ra2 64. a7 Rxa7 65. Be1 Ra2+ 66. Kf1 Kf3 67. Bc3 Rc2 68. Bb4 Rc1+ 69. Be1 Rb1 0-1

[Event "Jack Taylor mem"]
[Site "Victoria CAN"]
[Date "2004.11.20"]
[Round "1.1"]
[White "Struthers, Matthew"]
[Black "Yoos, John"]
[Result "0-1"]
[WhiteElo "2032"]
[BlackElo "2382"]
[PlyCount "142"]
[GameId "2160767911052490"]
[EventDate "2004.11.20"]
[EventType "swiss"]
[EventRounds "4"]
[EventCountry "CAN"]

1. d4 g6 2. c4 d6 3. Nc3 Bg7 4. Bg5 h6 5. Be3 Nf6 6. h3 O-O 7. Qd2 Kh7 8. f4 Nc6 9. Nf3 Nh5 10. Bf2 e5 11. e3 exf4 12. exf4 Nf6 13. O-O-O d5 14. Ne5 Ne7 15. g4 dxc4 16. Bxc4 Nfd5 17. Rhg1 f6 18. Nf3 Nxc3 19. Qxc3 Nd5 20. Qd2 Qd6 21. f5 g5 22. Kb1 c6 23. Bg3 Qd8 24. h4 Re8 25. Rde1 Bd7 26. hxg5 hxg5 27. Qh2+ Kg8 28. Rxe8+ Qxe8 29. Re1 Qf7 30. Rh1 Qe7 31. Nd2 Be8 32. Qh7+ Kf7 33. Re1 Qb4 34. Ne4 Rd8 35. Nd6+ Kf8 36. Nxe8 Rxe8 37. Rxe8+ Kxe8 38. Bxd5 cxd5 39. Qxg7 Qxd4 40. Qg8+ Ke7 41. Qe6+ Kd8 42. Qe2 Kd7 43. a3 Qg1+ 44. Qe1 Qd4 45. Qe6+ Kd8 46. Bd6 Qd3+ 47. Kc1 Qc4+ 48. Kd2 Qd4+ 49. Ke1 Qg1+ 50. Ke2 Qxg4+ 51. Kf2 Qd4+ 52. Kf1 Qd3+ 53. Qe2 Qxf5+ 54. Kg2 Qe4+ 55. Qxe4 dxe4 56. Bc5 b6 57. Be3 Ke7 58. Kg3 Kf7 59. Kg4 Kg6 60. Bd4 f5+ 61. Kg3 Kf7 62. b4 Ke6 63. b5 Kd5 64. Bf6 f4+ 65. Kg4 f3 66. Kg3 g4 67. a4 e3 68. Bg5 f2 69. Kg2 Ke4 70. Bh4 Kd3 71. Bg3 Ke2 0-1

[Event "Jack Taylor mem"]
[Site "Victoria CAN"]
[Date "2004.11.20"]
[Round "1.2"]
[White "Scoones, Dan"]
[Black "Lane, Travis"]
[Result "1/2-1/2"]
[WhiteElo "2297"]
[BlackElo "2007"]
[PlyCount "37"]
[GameId "2160767911052491"]
[EventDate "2004.11.20"]
[EventType "swiss"]
[EventRounds "4"]
[EventCountry "CAN"]

1. Nf3 Nf6 2. c4 g6 3. Nc3 Bg7 4. e4 d6 5. d4 O-O 6. Be2 e5 7. O-O Nc6 8. d5 Ne7 9. b4 Nh5 10. c5 h6 11. Re1 Nf4 12. Bxf4 exf4 13. Rc1 g5 14. Nd4 a6 15. Bh5 Re8 16. h3 Ng6 17. Nf3 Ne5 18. Nxe5 Rxe5 19. Bg4 1/2-1/2

[Event "Jack Taylor mem"]
[Site "Victoria CAN"]
[Date "2004.11.20"]
[Round "1.3"]
[White "Davies, Noam"]
[Black "Moore, Harry"]
[Result "0-1"]
[WhiteElo "1996"]
[BlackElo "2280"]
[PlyCount "90"]
[GameId "2160767911052492"]
[EventDate "2004.11.20"]
[EventType "swiss"]
[EventRounds "4"]
[EventCountry "CAN"]

1. e4 e5 2. Nf3 Nc6 3. Bb5 a6 4. Ba4 d6 5. O-O Bg4 6. c3 Qf6 7. Bxc6+ bxc6 8. d4 Ne7 9. Be3 Rb8 10. Qe2 Bxf3 11. gxf3 Ng6 12. Nd2 exd4 13. cxd4 Rb5 14. Rfc1 Be7 15. Rxc6 O-O 16. Rxa6 Rxb2 17. Rb1 Rxb1+ 18. Nxb1 Nh4 19. Nd2 Qg6+ 20. Kf1 Qg2+ 21. Ke1 Rb8 22. Kd1 Qxh2 23. Qc4 Qh1+ 24. Kc2 Qh3 25. Ra7 Nxf3 26. Nxf3 Qxf3 27. Qxc7 Qxe4+ 28. Kc3 Re8 29. Qd7 Bf6 30. Qxf7+ Kh8 31. Rc7 Qa8 32. Kd3 Rf8 33. Ra7 Qc8 34. Qd5 h6 35. Qe4 Re8 36. Qg6 Qb8 37. Qf7 Qb5+ 38. Kd2 Rc8 39. Bxh6 Qb2+ 40. Ke1 Qb1+ 41. Ke2 Qe4+ 42. Kd1 Qh1+ 43. Ke2 Qxh6 44. Ra5 Rc2+ 45. Kf3 Qh3+ 0-1